LEADER 01149nam a2200277 u 4500 001 000000041683 003 CaOOAMICUS 005 20070226114236.0 008 990208s1940 it u000 u ita u 035 $a10813560 040 $aPUL(R)$bita 100 1 $aNocera, Guglielmo.$0(OLS)http://pul/name/11568 245 10$aAspetti teorici della costituzione repubblicana romana /$cGuglielmo Nocera. 260 $aRoma :$bSoc. Ed. del Foro Italiano,$c1940. 300 $a86 p. ;$c24 cm 500 $aEstratto "Rivista italiana per le scienze giuridiche", N.S., a. xiv, 1940. 504 $aBibliografia in nota. 650 4$aDiritto romano.$0(OLS)http://pul/subject/382 850 $aPUL 852 $aPUL$W1$xDP2 Diritto e Scienze Sociali 1$y65$m189 A 40$j56438$nBK-PRI$qStampati$B56438$CPULBib$Z2$F56438 $H9585 $82 941 1 $a8 960 $aRoman law$9382 960 $aRoman law$9382 961 $aEx libris: Salvator Riccobono. 996 $6245$aAspetti teorici della costituzione repubblicana romana$9(OLS)http://pul/title/56247 996 $6260$aRoma :$bSoc. Ed. del Foro Italiano$9(OLS)http://pul/publisher/64651 LEADER 00907naa a2200193 u 4500 001 000000095110 003 CaOOAMICUS 005 20070226130141.0 008 040527s1966 gw u000 u ger u 035 $a10997134 040 $aIAR$bita 100 1 $aEricsson, Kyra.$0(OLS)http://pul/name/61030 245 14$aDas Ausgangsdatum der Laurentiuschronik AM.6360 :$bEine neue Lösung /$cKyra Ericsson. 260 $aWiesbaden :$bHarrassowitz,$c1966. 300 $av.2, S. 114-117, ;$c24 cm 773 0 $aDas östliche Mitteleuropa in Geschichte und Gegenwart. 773 0 $aCongresso internazionale di storia slava.$tActa congressus historiae Slavicae Salisburgensis in memoriam ss. Cyrilli et Methodii anno 1963 celebrati$w()12921 996 $6245$aDas Ausgangsdatum der Laurentiuschronik AM.6360 :$bEine neue Lösung$9(OLS)http://pul/title/121989 996 $6260$aWiesbaden :$bHarrassowitz$9(OLS)http://pul/publisher/53801